Skúmanie efektívnosti fungovania pružných výrobných systémov simulačnými metódami kandidátska dizertačná práca
Na minha lista:
| Autor principal: | |
|---|---|
| Autor Corporativo: | |
| Outros Autores: | |
| Formato: | Livro |
| Idioma: | eslovaco |
| Publicado em: |
Bratislava
1991
|
| Assuntos: | |
| Tags: |
Sem tags, seja o primeiro a adicionar uma tag!
|
MARC
| LEADER | 00000nam a2200000 4500 | ||
|---|---|---|---|
| 001 | c002101 | ||
| 005 | 20221214094821.9 | ||
| 041 | 0 | |a slo | |
| 044 | |a SK | ||
| 245 | 1 | 0 | |a Skúmanie efektívnosti fungovania pružných výrobných systémov simulačnými metódami |b kandidátska dizertačná práca |c Jana Dolinská ; Škol. Michal Klimik |
| 264 | 1 | |a Bratislava |c 1991 | |
| 300 | |a 148 s. | ||
| 610 | 2 | 0 | |a systémy výrobné pružné |
| 610 | 2 | 0 | |a efektívnosť výroby |
| 610 | 2 | 0 | |a metódy simulačné |
| 610 | 2 | 0 | |a modely simulačné |
| 610 | 2 | 0 | |a simulácia |
| 610 | 2 | 0 | |a technika |
| 610 | 2 | 0 | |a efektívnosť |
| 100 | 1 | |a Dolinská, Jana | |
| 700 | 1 | |a Klimik, Michal | |
| 710 | 2 | |a Vysoká škola ekonomická v Bratislave | |